Statistiques concernant Les clubs Français en finale de coupe d'Europe.

Cliquez ici pour prendre le quiz!

Statistiques générales

  • Ce quiz a été pris 177 fois
  • Le résultat moyen est 14 sur 15

Statistiques - réponses

AnnéesClubsCompétitionsScores et adversaires% Correct
2018OMLigue Europa0-3 Atletico Madrid
100%
2004OMUEFA CUP0-2 Valence
100%
1999OMUEFA CUP0-3 Parme
100%
1993OMLigue des champions1-0 Milan
100%
1991OMLigue des champions0-0 Belgrade
100%
2020PSGLigue des champions0-1 Bayern Munich
100%
1997PSGCup winners cup0-1 Barcelone
100%
1996PSGCup winners cup1-0 Rapid Vienne
100%
1976ASSELigue des champions0-1 Bayern Munich
92%
2004MonacoLigue des champions0-3 Porto
92%
1992MonacoCup winners cup0-2 Werder Breme
92%
1959ReimsLigue des champions0-2 Real Madrid
85%
1956ReimsLigue des champions3-4 Real Madrid
85%
1996BordeauxUEFA CUP1-5 Bayern Munich
79%
1978BastiaUEFA CUP0-3 PSV
41%

Distribution des résultats

Percentile par nombre de réponses

% des personnes avec chaque résultat

Votre développement - résultats

Vous n’avez pas pris ce quiz